Najzdrowsze Państwa na Świecie - Statystyki

Ogólne statystyki
  • Ten quiz został rozwiązany 27 razy
  • Średni wynik to 4 z 8
Statystyki odpowiedzi
Ranking Państwa % Poprawnych
5 Japonia
96%
3 Australia
67%
2 Włochy
56%
4 Szwajcaria
52%
7 Hiszpania
48%
1 Singapur
44%
8 Holandia
37%
6 Izrael
15%
Nie znaleziono quizów pasujących do podanych kryteriów
Rozkład punktacji
Procent ludzi z każdym wynikiem
Percentyl według liczby udzielonych odpowiedzi
Twoja historia wyników
Nie rozwiązałeś tego quizu